Understanding the Trust-control nexus /

El presente artículo se da como objetivo a la comprensión del nexo entre la confianza y el control. El objetivo es conducir la discusión en torno a de la relación entre ambos conceptos un paso más lejos al identificar las funciones comunes, los mecanismos distintivos de la confianza y del control y...

Fuld beskrivelse

Guardado en:
Bibliografiske detaljer
Hovedforfatter: Costa, Ana Cristina
Andre forfattere: Bijksma, Katinka
Format: Texto
Fag:
Tags: Tilføj Tag
Ingen Tags, Vær først til at tagge denne postø!

MARC

LEADER 00000 a a2200000 04500
001 8818
003
040
100 |a Costa, Ana Cristina  
245 |a Understanding the Trust-control nexus /  |c Ana Cristina Costa 
500 |a Información de los autores en 282 p  
520 |a El presente artículo se da como objetivo a la comprensión del nexo entre la confianza y el control. El objetivo es conducir la discusión en torno a de la relación entre ambos conceptos un paso más lejos al identificar las funciones comunes, los mecanismos distintivos de la confianza y del control y las implicaciones clave relevantes para la construcción teórica y la investigación empírica  
650 |a CONTROL SOCIAL  
650 |a GOBIERNO  
650 |a ASPECTOS SOCIALES  
650 |a RIESGO  
650 |a TEORIA  
700 |a Bijksma, Katinka  
773 |g volumen 20, número 3; páginas 259-282  
999 |c 23021  |d 23021